000 01539nam a2200253 a 4500
001 83000
003 BD-RjUL
005 20240207153221.0
008 240207s2007 bg a|||| m||| 00| 0 ben d
035 _a(BD-RjUL)83000
040 _aBD-RjUL
_bben / eng
_cBD-RjUL
_dBD-RjUL
041 _aben
082 _223
_a891.44309
_bRHB 2007
100 _aরহমান, শফিকুর
_911546
245 1 0 _aবাংলাদেশের ছোটগল্পে গ্রামীন জীবন (১৯৪৭-২০০০) /
_cশফিকুর রহমান ;
_6তত্ত্বাবধায়ক : স্বরোচিষ সরকার
260 _aরাজশাহী :
_bইনস্টিটিউট অব বাংলাদেশ স্টাডিজ, রাজশাহী বিশ্ববিদ্যালয়,
_c২০০৭
300 _a[ঠ], ৩৮৮ পাতা :
_bচিত্র ;
_c২৯ সেমি.
502 _aথিসিস (পিএইচ. ডি.) -- ইনস্টিটিউট অব বাংলাদেশ স্টাডিজ, রাজশাহী বিশ্ববিদ্যালয়, ২০০৭
504 _aগ্রন্থপঞ্জি : পাতা [৩৭৩]-৩৮৮
650 _aবাংলা সাহিত্য
_vইতিহাস ও সমালোচনা
650 _aBengali literature
_vHistory and Criticism
700 _aসরকার, স্বরোচিষ, তত্ত্বাবধায়ক
_93896
942 _2ddc
_cTHE
999 _c83000
_d83000